000 00285nam a2200121Ia 4500
005 20251222154306.0
008 251222s9999||||xx |||||||||||||| ||spa||
020 _a84-75229244-7
082 _a868.9/S54
100 _a"Siles, Jaime"
245 0 _a"Semáforos, semáforos"
942 _cLIB
999 _c33209
_d33209